000 00912cab a2200277 4500
001 ABS54947
008 090401t1996 xxu||||| |||| 00| 0 eng d
035 _a(Sirsi) u13300
041 _aeng
245 _aLeading by design
260 _c1996
350 _a0
490 _aCountryside Commission News
_v(78) March/April 1996, 1,4 & 5(3)
520 _aOutlines the Countryside Commission`s strategy to ensure innovative yet sympathetic new villages via Village Design Statements and local input. In addition plans to implement leisure and working initiatives in the countryside.
650 _aCOUNTRYSIDE
650 _aNEW HOUSING
650 _aRURAL LEISURE
650 _aURBAN FRINGE
650 _aVILLAGE DESIGN STATEMENTS
650 _aVILLAGES
690 _aBUILT ENVIRONMENT-CONSTRUCTION DESIGN
690 _aEnvironment
_96238
690 _aHOUSING
942 _n0
948 _c04/03/1997
999 _c8568
_d8568